000 01511nam0a2200325 4500
001 RU\NLR\ONL2\1300
005 20250613124211.0
010 _a5-7761-0555-2
_95100
035 _a(NLR Aleph) 009648906
090 _a9569893
_c9569893
100 _a20030605d2002 |||y0rusy50 ca
101 0 _atat
102 _aRU
105 _ay |||||||||
200 1 _aАлгебра hэм анализ башлангычларыннан дидактик материаллар
_eТатар урта гомуми белем мэкт. 11 нче с-фы очон
_fБ.М.Ивлев, С.М.Саакян, С.И.Шварцбурд
210 _aКазан
_cМэгариф
_aМ.
_cПросвещение
_d2002
215 _a223,[2] б.
_d21
541 1 _aДидактические материалы по алгебре и началам анализа для 11 класса татарской средней общеобразовательной школы
_zrus
606 0 _aАлгебра
_xПреподавание
_xСредняя школа
_92147601
_3RU\NLR\auth\661293710
686 1 _aЧ426.26
700 1 _aИвлев
_bБ. М.
_gБорис Михайлович
_4070
701 1 _aСаакян
_bС. М.
_gСамвел Манасович
_4070
701 1 _aШварцбурд
_bС. И.
_gСемен Исаакович
_4070
801 0 _aRU
_bNLR
_c20030605
_gPSBO
852 _aNLR
_bОНЛ
_jТатар./3-12770
942 _cBOOK
980 _aNB
980 _aONL_RF